[Event "XXXI Olimpiadi"]
[Site "Mosca RUS"]
[Date "1994.12.09"]
[Round "8.1"]
[White "Gelfand, Boris"]
[Black "Godena, Michele"]
[Result "1-0"]
[WhiteElo "2680"]
[BlackElo "2485"]
[Annotator "ITA-BLR"]
[PlyCount "61"]
[EventDate "1994.12.01"]

1. e4 e6 2. d4 d5 3. Nc3 dxe4 4. Nxe4 Bd7 5. Nf3 Bc6 6. Bd3 Nd7 7. O-O Ngf6 8.
Ned2 Be7 9. Re1 O-O 10. Nc4 Bb5 11. c3 c5 12. Bf4 cxd4 13. Nxd4 Bxc4 14. Bxc4
e5 15. Nf5 Bc5 16. Bg5 e4 17. Bf4 Nb6 18. Bb3 Nbd5 19. Bg5 Qd7 20. Ng3 e3 21.
fxe3 h6 22. Bxf6 Nxf6 23. Qf3 Qe7 24. Nf5 Qe5 25. Re2 Rad8 26. Rf1 Kh7 27. Qxb7
Ng4 28. g3 Nxe3 29. Nxe3 Bxe3+ 30. Kh1 Qc5 31. Qe4+ 1-0

[Event "XXXI Olimpiadi"]
[Site "Mosca RUS"]
[Date "1994.12.09"]
[Round "8.2"]
[White "Belotti, Bruno"]
[Black "Kupreichik, Viktor D."]
[Result "1/2-1/2"]
[WhiteElo "2455"]
[BlackElo "2545"]
[Annotator "ITA-BLR"]
[PlyCount "153"]
[EventDate "1994.12.01"]

1. d4 Nf6 2. c4 e6 3. Nf3 d5 4. Nc3 dxc4 5. e3 a6 6. Bxc4 c5 7. O-O b5 8. Be2
Nc6 9. dxc5 Bxc5 10. Qxd8+ Kxd8 11. a4 b4 12. Nb1 Ke7 13. Nbd2 Na5 14. Ne5 Bb7
15. Nec4 Nxc4 16. Nxc4 Ne4 17. Rd1 Rhd8 18. Bd2 a5 19. Be1 Bd5 20. Rac1 Nd6 21.
Ne5 Rac8 22. Ba6 Rc7 23. Ra1 f6 24. Nd3 Bb6 25. Nf4 Bb3 26. Rd3 Bc2 27. Rd2 g5
28. Ne2 Ra8 29. Bd3 Bxd3 30. Rxd3 Rc2 31. Rad1 Rxe2 32. Kf1 Rxe1+ 33. Kxe1 Rd8
34. b3 Ne4 35. Rxd8 Bxd8 36. Rc1 Kd6 37. Rd1+ Kc7 38. Rc1+ Kb6 39. g4 Bc7 40.
h3 Be5 41. Ke2 Bc3 42. Rd1 Kc6 43. f3 Nc5 44. Rb1 e5 45. Kd1 e4 46. fxe4 Nxe4
47. Kc2 Be5 48. Rf1 Kc5 49. Rd1 Nf2 50. Rf1 Bg3 51. Rg1 Bh4 52. Rf1 Kd5 53. Kd2
Bg3 54. Rg1 Ne4+ 55. Kc2 Bd6 56. Rd1+ Ke6 57. Rf1 Ng3 58. Rc1 f5 59. gxf5+ Nxf5
60. Kd3 Nxe3 61. Rc6 Nd5 62. Ra6 Nf4+ 63. Ke4 Nxh3 64. Rxa5 h6 65. Rb5 Nf2+ 66.
Kf3 Nd3 67. a5 Nc5 68. Kg4 Kd7 69. Rxb4 Kc6 70. Rb6+ Kc7 71. Kh5 Nd7 72. Rb5
Bc5 73. a6 Bd4 74. Rb7+ Kc8 75. b4 Bb6 76. b5 Bd4 77. Kg4 1/2-1/2

[Event "XXXI Olimpiadi"]
[Site "Mosca RUS"]
[Date "1994.12.09"]
[Round "8.4"]
[White "Manca, Federico"]
[Black "Dydyshko, Viacheslav"]
[Result "0-1"]
[WhiteElo "2375"]
[BlackElo "2510"]
[Annotator "ITA-BLR"]
[PlyCount "142"]
[EventDate "1994.12.01"]

1. e4 c5 2. c3 d6 3. d4 Nf6 4. Bd3 g6 5. Nf3 Bg7 6. O-O O-O 7. h3 cxd4 8. cxd4
d5 9. e5 Ne4 10. Nc3 Bf5 11. Re1 Nxc3 12. bxc3 Qc8 13. Rb1 b6 14. Nh2 Nc6 15.
Bg5 Qd7 16. Ng4 Rfc8 17. Rb2 Nd8 18. Bb5 Qb7 19. Re3 Bxg4 20. Qxg4 Ne6 21. f4
Nxg5 22. fxg5 e6 23. Rf2 a6 24. Bf1 Rc7 25. h4 Rac8 26. Rff3 b5 27. h5 b4 28.
cxb4 Qxb4 29. hxg6 hxg6 30. Qf4 Qd2 31. Bxa6 Ra8 32. Bf1 Rxa2 33. Rb3 Qxf4 34.
Rb8+ Bf8 35. Rxf4 Kg7 36. Rh4 Ra3 37. Kf2 Rc2+ 38. Kg1 Rac3 39. Rb7 Rc7 40. Rb8
Rc8 41. Rb3 R2c3 42. Rb7 Ba3 43. Rf4 R8c7 44. Rb8 Bc1 45. Rh4 Rc8 46. Rxc8 Be3+
47. Kh2 Rxc8 48. Rg4 Bf2 49. g3 Rc2 50. Kh3 Be3 51. Bb5 Rd2 52. Be8 Kf8 53. Bb5
Bxd4 54. Rf4 Bxe5 55. Rf3 Rb2 56. Bd3 Kg7 57. Kg4 Bd6 58. Bf1 Rb4+ 59. Kh3 Be7
60. Rf4 Rb8 61. Kg4 Rh8 62. Bb5 Rh5 63. Be8 Rxg5+ 64. Kf3 Rf5 65. Rxf5 gxf5 66.
g4 fxg4+ 67. Kxg4 f5+ 68. Kf3 Kf6 69. Bc6 d4 70. Ke2 e5 71. Kd3 Bc5 0-1

[Event "XXXI Olimpiadi"]
[Site "Mosca RUS"]
[Date "1994.12.10"]
[Round "9.1"]
[White "Belotti, Bruno"]
[Black "Johansen, Darryl Keith"]
[Result "1/2-1/2"]
[WhiteElo "2455"]
[BlackElo "2495"]
[Annotator "ITA-AUS"]
[PlyCount "81"]
[EventDate "1994.12.01"]

1. e4 c5 2. Nf3 Nc6 3. d4 cxd4 4. Nxd4 e6 5. Nb5 d6 6. c4 Nf6 7. N1c3 a6 8. Na3
b6 9. Be2 Bb7 10. f4 Be7 11. O-O O-O 12. Kh1 Qc7 13. Be3 Rad8 14. Rc1 Nb8 15.
Bf3 Nbd7 16. Qe2 Qb8 17. Bg1 Qa8 18. e5 Bxf3 19. Rxf3 dxe5 20. fxe5 Ng4 21. Rg3
Ngxe5 22. Bxb6 Nxb6 23. Qxe5 g6 24. Rh3 Nd7 25. Qe3 Nf6 26. Rf1 Qb7 27. Qh6
Rfe8 28. b3 Bf8 29. Qc1 Ng4 30. Nab1 Bc5 31. Qf4 Rd4 32. Qf3 Qd7 33. Na4 Ba7
34. Nbc3 Rd8 35. c5 h5 36. Rg3 e5 37. h3 Rf4 38. Qe2 Qd2 39. Rgf3 Ne3 40. Qxd2
Rxd2 41. Rxf4 1/2-1/2

[Event "XXXI Olimpiadi"]
[Site "Mosca RUS"]
[Date "1994.12.10"]
[Round "9.2"]
[White "Gluzman, Mikhail"]
[Black "Arlandi, Ennio"]
[Result "1/2-1/2"]
[WhiteElo "2430"]
[BlackElo "2425"]
[Annotator "ITA-AUS"]
[PlyCount "107"]
[EventDate "1994.12.01"]

1. d4 d5 2. Nf3 Nf6 3. Bf4 c6 4. e3 Bf5 5. Nbd2 e6 6. Ne5 h6 7. Be2 Nbd7 8. O-O
Be7 9. c4 O-O 10. Qb3 Qb6 11. c5 Qxb3 12. Nxb3 Nxe5 13. Bxe5 Nd7 14. Na5 Nxe5
15. dxe5 Rab8 16. b4 f6 17. exf6 Bxf6 18. Rad1 Rfc8 19. Bd3 Bg4 20. Rc1 Bh5 21.
Rc2 Be8 22. Rfc1 Kf7 23. e4 Rc7 24. f4 Bd7 25. e5 Be7 26. g4 Rf8 27. Kg2 Ke8
28. Rf1 Kd8 29. Nb3 b6 30. Kg3 Rb7 31. b5 Bxc5 32. bxc6 Bxc6 33. Nxc5 bxc5 34.
Rxc5 Bd7 35. Rfc1 Ke7 36. Ra5 g5 37. Rf1 gxf4+ 38. Rxf4 Rxf4 39. Kxf4 Rb4+ 40.
Kg3 Rd4 41. Bg6 Rd2 42. h4 Re2 43. g5 hxg5 44. h5 Rxe5 45. h6 Re3+ 46. Kg2 Re2+
47. Kg1 Re1+ 48. Kf2 Rh1 49. h7 Kf6 50. Rxa7 Kxg6 51. Rxd7 d4 52. a4 d3 53. Ke3
g4 54. a5 1/2-1/2

[Event "XXXI Olimpiadi"]
[Site "Mosca RUS"]
[Date "1994.12.10"]
[Round "9.4"]
[White "Tao, Trevor"]
[Black "Manca, Federico"]
[Result "1-0"]
[WhiteElo "2420"]
[BlackElo "2375"]
[Annotator "ITA-AUS"]
[PlyCount "123"]
[EventDate "1994.12.01"]

1. c4 Nf6 2. Nc3 c5 3. g3 g6 4. Bg2 Bg7 5. Nf3 Nc6 6. a3 O-O 7. Rb1 d5 8. cxd5
Nxd5 9. Qc2 b6 10. O-O Bb7 11. d3 Rc8 12. Nxd5 Qxd5 13. Be3 e5 14. Rfc1 Qd7 15.
Qd2 Nd4 16. Bxd4 exd4 17. Rc2 a5 18. b3 Rfe8 19. Ne1 Ba6 20. a4 Re7 21. Bf3
Rce8 22. Rbb2 Re5 23. Qf4 R8e7 24. Qg4 Qe8 25. Qh3 h5 26. Qg2 Bh6 27. h3 Kg7
28. Qf1 Bc8 29. Bg2 g5 30. Nf3 R5e6 31. Nh2 f5 32. g4 Rf6 33. Bf3 fxg4 34. hxg4
Rf4 35. Qg2 Qd7 36. Be4 hxg4 37. e3 dxe3 38. fxe3 Rf8 39. Rf2 Ref7 40. Nf1 Qd6
41. Ng3 Qe5 42. Rxf7+ Rxf7 43. Rd2 Be6 44. d4 cxd4 45. exd4 Qd6 46. Rd3 Kg8 47.
Ne2 Bg7 48. Qg3 Qb4 49. Kg2 Rf6 50. Rc3 Rf4 51. Qd3 Qa3 52. Nxf4 gxf4 53. Rc8+
Kf7 54. Rc7+ Kf8 55. d5 Be5 56. Rc2 Bf7 57. Bg6 f3+ 58. Kf2 Qd6 59. Bxf7 Bg3+
60. Kf1 Kxf7 61. Rc6 Qd7 62. Qh7+ 1-0

[Event "XXXI Olimpiadi"]
[Site "Mosca RUS"]
[Date "1994.12.11"]
[Round "10.1"]
[White "Zadrima, Aldo"]
[Black "Belotti, Bruno"]
[Result "0-1"]
[WhiteElo "2260"]
[BlackElo "2455"]
[Annotator "ITA-ALB"]
[PlyCount "90"]
[EventDate "1994.12.01"]

1. e4 d6 2. d4 Nf6 3. Nc3 g6 4. Nf3 Bg7 5. Be2 O-O 6. h3 c5 7. O-O cxd4 8. Nxd4
Nc6 9. Be3 Bd7 10. Re1 Nxd4 11. Bxd4 Bc6 12. f4 Qa5 13. Bf3 e5 14. fxe5 dxe5
15. Bf2 Rfe8 16. a3 Bf8 17. Kh1 Qc7 18. Qe2 b6 19. Rad1 Rac8 20. Bh4 Be7 21.
Bxf6 Bxf6 22. Bg4 Rcd8 23. Qc4 Qb7 24. Rxd8 Rxd8 25. Rd1 Kg7 26. Rxd8 Bxd8 27.
Nd5 f5 28. Bf3 Bxd5 29. Qxd5 Qxd5 30. exd5 e4 31. Bd1 Kf6 32. Kg1 Ke5 33. c4
Bg5 34. b3 Be7 35. b4 Kd4 36. Be2 a5 37. bxa5 bxa5 38. a4 Kc3 39. Kf2 Kd2 40.
c5 Bxc5+ 41. Kf1 h5 42. Bb5 g5 43. Be8 g4 44. Bb5 gxh3 45. gxh3 f4 0-1

[Event "XXXI Olimpiadi"]
[Site "Mosca RUS"]
[Date "1994.12.11"]
[Round "10.2"]
[White "Arlandi, Ennio"]
[Black "Seitaj, Ilir"]
[Result "1-0"]
[WhiteElo "2425"]
[BlackElo "2420"]
[Annotator "ITA-ALB"]
[PlyCount "111"]
[EventDate "1994.12.01"]

1. d4 d5 2. c4 e6 3. Nc3 c5 4. cxd5 exd5 5. Nf3 Nc6 6. g3 Nf6 7. Bg2 Be7 8. O-O
O-O 9. Bg5 cxd4 10. Nxd4 h6 11. Be3 Re8 12. Rc1 Bg4 13. h3 Be6 14. Kh2 Rc8 15.
Na4 Qd7 16. Nc5 Bxc5 17. Rxc5 b6 18. Rxc6 Rxc6 19. Nxc6 Qxc6 20. Qd4 Qc4 21.
Bf3 Qxa2 22. Bxh6 Rc8 23. Rc1 Rxc1 24. Bxc1 Qb1 25. Be3 Ne4 26. Qe5 Kh7 27. Bd4
Nf6 28. g4 Qg6 29. Qc7 Qg5 30. Be3 Ne8 31. Qc2+ Qg6 32. Qa4 Nd6 33. Qxa7 Nc4
34. Bd4 Qg5 35. Bxb6 Nxb2 36. Qc7 Nc4 37. Bd4 Qd2 38. Qc5 Qf4+ 39. Kg1 Qc1+ 40.
Kg2 Qg5 41. e4 Qf4 42. exd5 Nd2 43. Bd1 Ne4 44. Qf8 f6 45. dxe6 Qd2 46. Qd8
Qxd1 47. e7 Ng5 48. Qd5 Qa4 49. h4 Qd1 50. hxg5 Qxg4+ 51. Kh2 Qh4+ 52. Kg1 Qg4+
53. Qg2 Qe6 54. gxf6 gxf6 55. Bxf6 Qxf6 56. e8=Q 1-0

[Event "XXXI Olimpiadi"]
[Site "Mosca RUS"]
[Date "1994.12.11"]
[Round "10.3"]
[White "Karkanaqe, Ilir"]
[Black "D'Amore, Carlo"]
[Result "1-0"]
[WhiteElo "2340"]
[BlackElo "2420"]
[Annotator "ITA-ALB"]
[PlyCount "62"]
[EventDate "1994.12.01"]

1. d4 Nf6 2. c4 c5 3. dxc5 e6 4. Nf3 Bxc5 5. e3 O-O 6. Be2 d5 7. O-O Nc6 8. Nc3
a6 9. b3 b5 10. cxd5 exd5 11. Bb2 Be6 12. Rc1 Qe7 13. Qc2 Bb6 14. Qb1 Rac8 15.
h3 h6 16. Bd3 d4 17. Nxd4 Nxd4 18. exd4 Bxd4 19. Ne2 Rxc1 20. Rxc1 Bxb2 21.
Qxb2 Rd8 22. Nd4 Qd6 23. Nxe6 Qxe6 24. Bf1 Qd6 25. a4 b4 26. a5 Ne4 27. Qe2 Nc3
28. Qxa6 Qxa6 29. Bxa6 Ra8 30. Bc4 Rxa5 31. Re1 Ra7 1-0

[Event "XXXI Olimpiadi"]
[Site "Mosca RUS"]
[Date "1994.12.11"]
[Round "10.4"]
[White "Manca, Federico"]
[Black "Dervishi, Erald"]
[Result "0-1"]
[WhiteElo "2375"]
[BlackElo "2315"]
[Annotator "ITA-ALB"]
[PlyCount "101"]
[EventDate "1994.12.01"]

1. e4 e5 2. Nf3 Nc6 3. Bb5 a6 4. Ba4 Nf6 5. O-O Be7 6. Re1 b5 7. Bb3 d6 8. c3
O-O 9. d3 Be6 10. Nbd2 Qd7 11. Nf1 Rad8 12. d4 exd4 13. cxd4 d5 14. e5 Ne4 15.
Be3 f6 16. exf6 Bxf6 17. Ng3 Kh8 18. Bc2 Bg4 19. a3 Rde8 20. Qd3 g6 21. Ne5
Nxe5 22. dxe5 Bxe5 23. Nxe4 dxe4 24. Qxd7 Bxd7 25. Rad1 Bc6 26. h4 Rd8 27. b4
Rfe8 28. Kf1 Bd5 29. g3 Ba2 30. Rxd8 Rxd8 31. Rd1 Rxd1+ 32. Bxd1 Bc4+ 33. Kg2
Bb2 34. a4 Bc3 35. Bc5 bxa4 36. Bxa4 Bd5 37. Kf1 Kg7 38. Ke2 Kf6 39. Ke3 Ke5
40. Bc2 Bb2 41. Bf8 Bd4+ 42. Ke2 Bc4+ 43. Ke1 Kd5 44. Be7 Bc3+ 45. Kd1 Bd4 46.
Ke1 c6 47. Bf8 a5 48. bxa5 Bc3+ 49. Kd1 Bxa5 50. Bh6 Bb6 51. Be3 0-1

[Event "XXXI Olimpiadi"]
[Site "Mosca RUS"]
[Date "1994.12.12"]
[Round "11.1"]
[White "Godena, Michele"]
[Black "Eid, Fadi"]
[Result "1-0"]
[WhiteElo "2485"]
[BlackElo "2180"]
[Annotator "ITA-LIB"]
[PlyCount "53"]
[EventDate "1994.12.01"]

1. e4 e5 2. Nf3 Nf6 3. Nxe5 d6 4. Nc4 Nxe4 5. d4 d5 6. Ne3 Qf6 7. Qe2 Be6 8. c3
Nc6 9. g3 O-O-O 10. Bg2 h5 11. Nd2 Nxd2 12. Bxd2 g6 13. O-O-O Bh6 14. Rhf1 Rhe8
15. Kb1 Qg7 16. Qb5 a6 17. Qa4 Ne7 18. Rfe1 c6 19. Ka1 Nf5 20. Nxf5 Bxf5 21.
Rxe8 Rxe8 22. Bxh6 Qxh6 23. Bxd5 Re2 24. Bxc6 Bc2 25. Bxb7+ Kb8 26. Qb4 Bxd1
27. Bc6+ 1-0

[Event "XXXI Olimpiadi"]
[Site "Mosca RUS"]
[Date "1994.12.12"]
[Round "11.2"]
[White "Kassis, Antoine"]
[Black "Belotti, Bruno"]
[Result "0-1"]
[WhiteElo "2205"]
[BlackElo "2455"]
[Annotator "ITA-LIB"]
[PlyCount "102"]
[EventDate "1994.12.01"]

1. d4 Nf6 2. c4 g6 3. Nc3 Bg7 4. g3 O-O 5. Bg2 d6 6. h3 Nbd7 7. e4 e5 8. d5 a5
9. Bg5 h6 10. Be3 Nc5 11. Qd2 Kh7 12. Nge2 Bd7 13. O-O Qe7 14. Rae1 a4 15. Nc1
Nh5 16. Bxc5 dxc5 17. Nd3 b6 18. g4 Nf6 19. f4 Ne8 20. fxe5 Bxe5 21. Nxe5 Qxe5
22. b3 Nd6 23. Nb1 Kg7 24. Qc3 Rfe8 25. Qxe5+ Rxe5 26. Nd2 Rae8 27. Kf2 f5 28.
exf5 Rxe1 29. Rxe1 Rxe1 30. Kxe1 gxf5 31. Bf3 Kf6 32. Kf2 Ke5 33. Ke3 Be8 34.
Bg2 f4+ 35. Ke2 Kd4 36. h4 Bg6 37. Nf3+ Kc3 38. Ne5 Bb1 39. bxa4 Kd4 40. Nf3+
Kc3 41. Ne5 Nxc4 42. Nf7 Nd6 43. Nxh6 c4 44. g5 Kb2 45. Ng4 Nf5 46. Ne5 c3 47.
h5 Ng3+ 48. Kf3 Be4+ 49. Kxf4 c2 50. Bxe4 c1=Q+ 51. Kxg3 Qxg5+ 0-1

[Event "XXXI Olimpiadi"]
[Site "Mosca RUS"]
[Date "1994.12.12"]
[Round "11.3"]
[White "Contin, Daniel"]
[Black "Barakat, Rafic"]
[Result "1-0"]
[WhiteElo "2425"]
[BlackElo "2205"]
[Annotator "ITA-LIB"]
[PlyCount "93"]
[EventDate "1994.12.01"]

1. c4 e5 2. Nc3 Nf6 3. Nf3 Nc6 4. g3 d5 5. cxd5 Nxd5 6. Bg2 Be6 7. O-O Be7 8.
d4 exd4 9. Nb5 d3 10. Nfd4 dxe2 11. Qxe2 Nxd4 12. Nxd4 Nf4 13. Bxf4 Qxd4 14.
Qb5+ Qd7 15. Qxb7 O-O 16. Rfd1 Qc8 17. Qxa8 Qxa8 18. Bxa8 Rxa8 19. Bxc7 Bf6 20.
Rd2 h6 21. Bf4 a5 22. a3 a4 23. Re1 Ra5 24. Bd6 Kh7 25. Bb4 Rb5 26. Re3 Bg5 27.
f4 Bf6 28. Bc3 Be7 29. Re5 Rb7 30. Kg2 Bf6 31. Re3 Be7 32. Kf3 h5 33. Re5 Kg6
34. Ke4 f5+ 35. Kf3 Bb3 36. Ra5 Rc7 37. Be5 Rb7 38. Rd4 Bf6 39. Ra6 Bc2 40. Rb4
Bd1+ 41. Ke3 Re7 42. Kd2 Bb3 43. Bxf6 gxf6 44. Raxa4 Rd7+ 45. Kc3 Bd5 46. Rb6
Be4 47. Raa6 1-0

[Event "XXXI Olimpiadi"]
[Site "Mosca RUS"]
[Date "1994.12.13"]
[Round "12.2"]
[White "Contin, Daniel"]
[Black "Stohl, Igor"]
[Result "0-1"]
[WhiteElo "2425"]
[BlackElo "2560"]
[Annotator "ITA-SVK"]
[PlyCount "78"]
[EventDate "1994.12.01"]

1. c4 g6 2. Nc3 Bg7 3. g3 Nf6 4. Bg2 O-O 5. d3 c6 6. e4 d6 7. Nge2 a6 8. a4 a5
9. O-O e5 10. h3 Na6 11. f4 Nb4 12. Be3 Nd7 13. f5 Nc5 14. Nc1 b6 15. g4 Ra7
16. Rf2 Bf6 17. Qd2 Bh4 18. Re2 f6 19. N3a2 Nxa2 20. Nxa2 Nb3 21. Qd1 Nxa1 22.
Nc3 Bg3 23. Qxa1 Bf4 24. Bf2 h5 25. Qa2 hxg4 26. Bxb6 Qd7 27. c5+ Kh8 28. hxg4
Rb7 29. Qc4 Qh7 30. cxd6 Rxb6 31. Qc5 Rb8 32. Qxc6 Qa7+ 33. Kf1 Ba6 34. Qd5 Qd4
35. Qxa5 Bxd3 36. fxg6 Bg3 37. Nd1 Rxb2 38. Bf3 Bxe2+ 39. Bxe2 Qxe4 0-1

[Event "XXXI Olimpiadi"]
[Site "Mosca RUS"]
[Date "1994.12.13"]
[Round "12.3"]
[White "Plachetka, Jan"]
[Black "D'Amore, Carlo"]
[Result "0-1"]
[WhiteElo "2420"]
[BlackElo "2420"]
[Annotator "ITA-SVK"]
[PlyCount "68"]
[EventDate "1994.12.01"]

1. e4 g6 2. d4 Bg7 3. c3 d6 4. f4 Nf6 5. e5 Nd5 6. Nf3 c5 7. Bc4 Nb6 8. Bb3
cxd4 9. cxd4 Nc6 10. O-O Na5 11. Bc2 Bg4 12. Nc3 dxe5 13. fxe5 Nc6 14. Bb3 O-O
15. Be3 Na5 16. h3 Nxb3 17. axb3 Be6 18. Ng5 Bd5 19. Qg4 f6 20. Ra5 h5 21. Qg3
fxg5 22. Rxf8+ Bxf8 23. Qxg5 Kh7 24. e6 Bxe6 25. Re5 Bf7 26. d5 Nd7 27. Re4 Nf6
28. Bd4 Bh6 29. Qe5 Nxe4 30. Qxe4 Rc8 31. Qf3 Kg8 32. Qg3 Qd6 33. Be5 Qb6+ 34.
Kh1 Qe3 0-1

[Event "XXXI Olimpiadi"]
[Site "Mosca RUS"]
[Date "1994.12.13"]
[Round "12.4"]
[White "Manca, Federico"]
[Black "Mrva, Martin"]
[Result "0-1"]
[WhiteElo "2375"]
[BlackElo "2410"]
[Annotator "ITA-SVK"]
[PlyCount "68"]
[EventDate "1994.12.01"]

1. e4 c5 2. c3 d6 3. d4 Nf6 4. Bd3 g6 5. Nf3 Bg7 6. O-O O-O 7. h3 Nbd7 8. a4
Qc7 9. Re1 e6 10. Na3 a6 11. e5 dxe5 12. dxe5 Nd5 13. Qe2 b6 14. Bg5 Bb7 15.
Rad1 h6 16. Bc1 Bc6 17. Bc2 Rfb8 18. h4 h5 19. Nc4 Rf8 20. Ng5 b5 21. Bxg6 fxg6
22. Nxe6 Qc8 23. Nd6 Qb8 24. Nxg7 Kxg7 25. Rxd5 Bxd5 26. Qd2 Nxe5 27. Qxd5 Rf6
28. Ne4 Rf5 29. Qe6 Qe8 30. Nxc5 Kh7 31. Kf1 Qxe6 32. Nxe6 Nd3 33. Ng5+ Kg8 34.
Rd1 Nxf2 0-1

[Event "XXXI Olimpiadi"]
[Site "Mosca RUS"]
[Date "1994.12.15"]
[Round "13.1"]
[White "Godena, Michele"]
[Black "Spraggett, Kevin D."]
[Result "1/2-1/2"]
[WhiteElo "2485"]
[BlackElo "2530"]
[Annotator "ITA-CAN"]
[PlyCount "89"]
[EventDate "1994.12.01"]

1. e4 g6 2. d4 Bg7 3. Nf3 d6 4. c3 Nf6 5. Bd3 O-O 6. O-O Nc6 7. h3 Nd7 8. Na3
e5 9. Bg5 f6 10. Bh4 Kh8 11. Qc2 b6 12. Rad1 Bb7 13. Bc4 Qe7 14. Bd5 a6 15.
dxe5 dxe5 16. Nc4 a5 17. a4 Qe8 18. Ne1 Nc5 19. Nd3 Nxd3 20. Rxd3 Ba6 21. Rfd1
Rb8 22. Rf3 Nd8 23. Ne3 Ne6 24. Bc4 Bxc4 25. Nxc4 Nc5 26. b3 f5 27. exf5 e4 28.
Rg3 gxf5 29. Bg5 Qf7 30. Bf4 Rbe8 31. Kh2 Bf6 32. Re3 Nd3 33. g3 Rd8 34. Rdxd3
exd3 35. Rxd3 Bg7 36. h4 Rfe8 37. Rxd8 Rxd8 38. Ne3 Rf8 39. c4 c6 40. Qd3 Qe6
41. Bc7 Qe4 42. Qd7 Bd4 43. Bf4 Bg7 44. Qc7 Bd4 45. Qd7 1/2-1/2

[Event "XXXI Olimpiadi"]
[Site "Mosca RUS"]
[Date "1994.12.15"]
[Round "13.3"]
[White "Arlandi, Ennio"]
[Black "Nickoloff, Bryon"]
[Result "0-1"]
[WhiteElo "2425"]
[BlackElo "2390"]
[Annotator "ITA-CAN"]
[PlyCount "77"]
[EventDate "1994.12.01"]

1. d4 Nf6 2. c4 e6 3. Nc3 Bb4 4. Qc2 O-O 5. a3 Bxc3+ 6. Qxc3 b6 7. Bg5 Bb7 8.
Nh3 h6 9. Bh4 d5 10. cxd5 exd5 11. e3 Re8 12. Bd3 c5 13. O-O c4 14. Bc2 g5 15.
Bg3 Ne4 16. Bxe4 Rxe4 17. Be5 Nd7 18. f3 Rh4 19. Bg3 Rxh3 20. gxh3 Qe7 21. Rae1
Qe6 22. h4 g4 23. Qb4 Nf6 24. Qd6 Qxd6 25. Bxd6 gxf3 26. Rxf3 Ne4 27. Be5 f6
28. Bxf6 Rf8 29. Ref1 c3 30. bxc3 Ba6 31. Be7 Rxf3 32. Rxf3 Nxc3 33. Rf8+ Kg7
34. Ra8 Bd3 35. Rxa7 Kg6 36. Rd7 Kf5 37. Bb4 Nd1 38. Rxd5+ Ke4 39. Rd6 0-1

[Event "XXXI Olimpiadi"]
[Site "Mosca RUS"]
[Date "1994.12.15"]
[Round "13.4"]
[White "O'Donnell, Tom"]
[Black "D'Amore, Carlo"]
[Result "0-1"]
[WhiteElo "2410"]
[BlackElo "2420"]
[Annotator "ITA-CAN"]
[PlyCount "80"]
[EventDate "1994.12.01"]

1. e4 e5 2. Nf3 Nc6 3. Bb5 Nge7 4. O-O g6 5. c3 Bg7 6. d4 exd4 7. cxd4 d5 8.
exd5 Nxd5 9. Bxc6+ bxc6 10. Bg5 Qd6 11. Re1+ Be6 12. Nc3 O-O 13. Qc1 Rfe8 14.
Ne4 Qb4 15. a3 Qb5 16. Bh6 Bh8 17. Ne5 f6 18. Nf3 Bg4 19. Nfd2 Bf5 20. Qc2 Re7
21. f3 Rae8 22. Rec1 Bd7 23. Nc5 Bc8 24. Qd3 g5 25. Qxb5 cxb5 26. h4 Nf4 27.
Kh1 Re2 28. Nde4 f5 29. Nxg5 Bxd4 30. Rab1 Rxb2 31. Rxb2 Bxb2 32. Rd1 Bxa3 33.
Nd7 Nh5 34. g4 fxg4 35. fxg4 Bd6 36. gxh5 Bxd7 37. Rf1 Bc6+ 38. Kg1 Bc5+ 39.
Kh2 Re2+ 40. Kg3 Bd6+ 0-1

[Event "XXXI Olimpiadi"]
[Site "Mosca RUS"]
[Date "1994.12.16"]
[Round "14.1"]
[White "Godena, Michele"]
[Black "Skembris, Spyridon"]
[Result "1/2-1/2"]
[WhiteElo "2485"]
[BlackElo "2525"]
[Annotator "ITA-GRE"]
[PlyCount "56"]
[EventDate "1994.12.01"]

1. e4 c6 2. d4 g6 3. Nc3 d5 4. h3 Bg7 5. Nf3 Nh6 6. Bd3 O-O 7. Qe2 b5 8. a3
dxe4 9. Nxe4 Nf5 10. c3 Nd7 11. Bf4 Re8 12. O-O Nd6 13. Rfe1 Nxe4 14. Bxe4 Bb7
15. Ne5 Qc8 16. Bf3 Nf6 17. Nd3 Nd7 18. Rad1 a6 19. Qe3 a5 20. Bh6 Bh8 21. Bg4
e6 22. Bf4 Bg7 23. Bf3 Nb6 24. Bh6 Bh8 25. Qf4 Nd7 26. Qd6 Ra6 27. Qf4 Ra8 28.
Qd6 Ra6 1/2-1/2

[Event "XXXI Olimpiadi"]
[Site "Mosca RUS"]
[Date "1994.12.16"]
[Round "14.4"]
[White "Kalesis, Nikolaos"]
[Black "D'Amore, Carlo"]
[Result "0-1"]
[WhiteElo "2415"]
[BlackElo "2420"]
[Annotator "ITA-GRE"]
[PlyCount "54"]
[EventDate "1994.12.01"]

1. d4 Nf6 2. c4 c5 3. d5 d6 4. Nc3 g6 5. e4 Bg7 6. Nf3 O-O 7. Be2 e6 8. O-O
exd5 9. exd5 Bg4 10. h3 Bxf3 11. Bxf3 a6 12. Bf4 Ne8 13. Qb3 Qc7 14. Rfe1 Nd7
15. Be2 Rb8 16. Rab1 Be5 17. Be3 Ng7 18. f4 Bd4 19. Bxd4 cxd4 20. Ne4 Rbe8 21.
Qd3 Re7 22. Bf3 Rfe8 23. Kf2 Nc5 24. Qxd4 Nxe4+ 25. Bxe4 Qa5 26. Kf1 Nf5 27.
Qd3 Rxe4 0-1

[Event "XXXI Olimpiadi femminile"]
[Site "Mosca RUS"]
[Date "1994.12.01"]
[Round "1.1"]
[White "Gramignani, Rita"]
[Black "Klinova, Masha"]
[Result "0-1"]
[WhiteElo "2040"]
[BlackElo "2115"]
[Annotator "ITA-ISR"]
[PlyCount "72"]
[EventDate "1994.12.01"]

1. e4 d6 2. d4 Nf6 3. Nc3 c6 4. a4 Nbd7 5. g3 e5 6. Nge2 Be7 7. Bg2 a5 8. h3
O-O 9. Be3 Re8 10. O-O Bf8 11. g4 exd4 12. Bxd4 Nb6 13. Ng3 Be6 14. Qf3 Nbd7
15. b3 d5 16. exd5 Nxd5 17. Nxd5 Bxd5 18. Qd1 Bxg2 19. Kxg2 Nb6 20. c4 Nd7 21.
Qc2 Ne5 22. Rad1 Qc7 23. Rfe1 Ng6 24. Be3 Nh4+ 25. Kh1 Nf3 26. Re2 Bd6 27. Kg2
Nh4+ 28. Kh2 Re6 29. c5 Be5 30. Qc4 Rae8 31. Qd3 h6 32. Qd7 Bxg3+ 33. fxg3 Qxd7
34. Rxd7 Nf3+ 35. Kg2 Rxe3 36. Rf2 Ne1+ 0-1

[Event "XXXI Olimpiadi femminile"]
[Site "Mosca RUS"]
[Date "1994.12.01"]
[Round "1.2"]
[White "Segal, Anna"]
[Black "Agosto, Erika"]
[Result "1-0"]
[WhiteElo "2220"]
[BlackElo "1761"]
[Annotator "ITA-ISR"]
[PlyCount "43"]
[EventDate "1994.12.01"]

1. e4 e5 2. Nf3 Nc6 3. d4 exd4 4. Nxd4 Bc5 5. Nf5 Qf6 6. Nc3 Nge7 7. Ne3 d6 8.
Be2 Be6 9. O-O O-O 10. Ned5 Bxd5 11. exd5 Nd4 12. Bd3 Bb6 13. Qg4 Nef5 14. Bg5
Qg6 15. Rae1 Rfe8 16. Re7 f6 17. Bxf5 Qxg5 18. Be6+ Kh8 19. Rxe8+ Rxe8 20. Qxg5
fxg5 21. Ne4 h6 22. g3 1-0

[Event "XXXI Olimpiadi femminile"]
[Site "Mosca RUS"]
[Date "1994.12.01"]
[Round "1.3"]
[White "Parrino, Giuseppina"]
[Black "Tsifanskaya, Ludmila A."]
[Result "0-1"]
[WhiteElo "1753"]
[BlackElo "2230"]
[Annotator "ITA-ISR"]
[PlyCount "40"]
[EventDate "1994.12.01"]

1. e4 c5 2. Nc3 Nc6 3. f4 g6 4. Nf3 Bg7 5. Bc4 e6 6. d3 Nge7 7. O-O d5 8. exd5
exd5 9. Bb3 O-O 10. Qe1 Na5 11. Nxd5 Nxd5 12. Bxd5 Qxd5 13. Qxa5 b6 14. Qe1 Bb7
15. Qg3 Rae8 16. Re1 Rxe1+ 17. Qxe1 Bc6 18. Qd2 Re8 19. a4 Qh5 20. Ne1 Re2 0-1

[Event "XXXI Olimpiadi femminile"]
[Site "Mosca RUS"]
[Date "1994.12.03"]
[Round "3.1"]
[White "Dahl, Ingrid"]
[Black "Agosto, Erika"]
[Result "1-0"]
[WhiteElo "2115"]
[BlackElo "1761"]
[Annotator "ITA-NOR"]
[PlyCount "115"]
[EventDate "1994.12.01"]

1. e4 e5 2. Nf3 Nc6 3. Bb5 Nf6 4. O-O d6 5. Re1 Bg4 6. c3 Be7 7. h3 Bxf3 8.
Qxf3 O-O 9. d3 h6 10. Nd2 Nh7 11. Nf1 Bg5 12. Ne3 Ne7 13. d4 c6 14. Bc4 Bxe3
15. Qxe3 Kh8 16. Qg3 exd4 17. cxd4 d5 18. exd5 Nxd5 19. Qb3 Nb6 20. Bd3 Qxd4
21. Be3 Qa4 22. Bxb6 Qxb3 23. axb3 axb6 24. Rxa8 Rxa8 25. Re7 Rb8 26. Rxf7 Nf6
27. Bf5 Nd5 28. Be6 Nf6 29. Kf1 b5 30. Rc7 Ne8 31. Re7 Nf6 32. Rc7 Ne8 33. Rf7
Nf6 34. g4 b6 35. Bd7 Kg8 36. Be6 Kh8 37. f4 Ne4 38. Re7 Nc5 39. Ke2 Nxe6 40.
Rxe6 Rc8 41. f5 Kg8 42. Ke3 Kf7 43. Kf4 b4 44. Rd6 Rc7 45. h4 b5 46. g5 hxg5+
47. hxg5 c5 48. Rb6 c4 49. bxc4 Rxc4+ 50. Kf3 Rc2 51. Rxb5 Rxb2 52. Rb7+ Kf8
53. Kg4 Rd2 54. Rxb4 Rd6 55. Rb8+ Ke7 56. g6 Rd8 57. Rxd8 Kxd8 58. f6 1-0